O principezinho (Registo nº 2132)
[ vista simples ]
| 000 -Etiqueta do registo | |
|---|---|
| Cabeçalho | 00642nam a22002411 4500 |
| 005 - Identificador da versão | |
| Campo de controlo | 20240813121925.0 |
| 095 ## - | |
| -- | PTBN00329379 |
| 100 ## - Dados gerais de processamento | |
| Dados gerais de processamento | 20031208d19 cd y0pory5003 ba |
| 102 ## - Pais de publicação ou produção | |
| País de publicação | Portugal |
| 101 1# - Língua de publicação | |
| Língua do texto, banda sonora, etc. | Português |
| 215 ## - Descrição física | |
| Indicação específica da natureza do documento e extensão da espécie | 93 p. |
| Outras indicações físicas | il. |
| 200 1# - Titulo e menção de responsabilidade | |
| Título próprio | O principezinho |
| 205 ## - Menção da edição | |
| Menção da edição | 7ª ed |
| 210 ## - Publicação, Distribuição, etc. | |
| Lugar da edição, distribuição, etc. | Lisboa |
| Nome do editor, distribuidor, etc. | Aster |
| Data da publicação, distribuição, etc. | [19--] |
| 606 ## - Nome comum usado como assunto | |
| Número de registo de entrada de autoridade | 0000001 |
| Palavra de ordem | Literatura estrangeira infantil |
| Subdivisão de assunto | Conto |
| 675 ## - Classificação Decimal Universal (CDU) | |
| Notação | 82-34 |
| Edição | 2ª |
| Língua da edição | por |
| 702 #1 - Nome de autor-pessoa física (responsabilidade secundária) | |
| Número de registo de entrada de autoridade | 0000209 |
| Palavra de ordem | Gomes |
| Outra parte do nome não tomada para palavra de ordem | Alice |
| Datas | 1910-1983 |
| Código de função | Tradutor |
| 700 #1 - Nome de autor-pessoa física (responsabilidade principal) | |
| Número de registo de entrada de autoridade | 0000649 |
| Palavra de ordem | Saint-Exupéry |
| Outra parte do nome não tomada para palavra de ordem | Antoine de |
| Datas | 1900-1944 |
| 942 ## - Elementos de entrada adicionados (Koha) | |
| Tipo de item no Koha | Livro |
| Situação do levantamento | Origin of item (home branch) (coded) | Biblioteca de empréstimo | Código de barras | Cota | Circulation type (not for loan) | Tipo de documento | Nota do exemplar | Damaged status |
|---|---|---|---|---|---|---|---|---|
| Biblioteca Escolar da Coca Maravilhas | Biblioteca Escolar da Coca Maravilhas | BECM6194/03 | 8EST TOL | Livro | Sem mensagem |
